00853nas a2200253 4500001001300000003000900013005001700022007000300039008003400042040005400076041000900130072001800139100001700157100001600174100002400190100001600214245009200230650002700322650003300349650001400382650001700396773013200413856005400545BR2013006322BR-BrBNA20231205122745.0ta230509b bl.|||p| |||| 00| 00por d aBR-BrBNAbporcBiblioteca Nacional de Agricultura a(Pt) aN20; F06; P101 aPrado, G. do1 aFaria, L.C.1 aOliveira, H.F.E. de1 aColombo, A.1 aEfeito do ângulo do jato nas características técnicas de um canhão hidráulico aEQUIPAMENTO AGRÍCOLA aIRRIGAÇÃO POR ASPERSÃO aPRESSÃO aHIDRÁULICA0 tRevista Brasileira de Engenharia Agrícola e Ambiental (Brazil)xISSN 1807-1929g(Jul 2013), v. 17(7) p. 689-697wBR201300632240uhttp://www.scielo.br/pdf/rbeaa/v17n7/a01v17n7.pdf